[Event "Olympiad Women 2024"]
[Site "Budapest HUN"]
[Date "2024.09.11"]
[Round "1.16"]
[Board "1"]
[White "Yildiz Kadioglu, Betul Cemre"]
[Black "Viana, Valeria"]
[Result "1-0"]
[WhiteElo "2314"]
[BlackElo "1882"]
[PlyCount "57"]
[EventDate "2024.09.11"]
[WhiteTeam "Turkiye"]
[BlackTeam "Honduras"]
[BlackTeamCountry "HON"]

1. d4 {Marin,Mihail} Nf6 2. c4 e6 3. g3 d5 4. Bg2 Be7 5. Nf3 O-O 6. O-O dxc4 7. Qa4 a6 8. Qxc4 b5 9. Qc2 Bb7 10. Bd2 Be4 11. Qc1 Qc8 12. Bg5 Nbd7 13. Nbd2 ({RR} 13. Qf4 Bb7 ({RR} 13... c5 14. Rc1 c4 15. b3) ({RR} 13... Qb7 14. Nc3 Bc6 15. e4 b4 16. d5 exd5 17. exd5 Nxd5 18. Nxd5 Bxg5 19. Qxb4 Bxd5 20. Qxb7 Bxb7 21. Nxg5 Bxg2 22. Kxg2) 14. Rc1 Bd6 15. Qh4 h6 16. Bxf6 ({RR} 16. Bxh6 gxh6 17. Qxh6) 16... Nxf6 17. Nbd2 Re8 18. e4 ({RR} 18. Rc2 e5 19. dxe5 Bxe5 20. Nxe5 Bxg2 ({RR} 20... Rxe5 21. Qf4 Re7 ({RR} 21... Rxe2 22. Rxc7) 22. Nb3 Bxg2 23. Kxg2) 21. Kxg2 Rxe5) 18... Nd7 ({RR} 18... e5 19. dxe5 Bxe5 20. Nxe5 Rxe5 21. Qf4 Re7 22. Qe3) ({RR} 18... Be7 19. Qf4 Bd6 20. e5 Nd5 21. Qg4 Be7 22. Ne4) 19. Nb3 a5 ({RR} 19... e5 20. Na5) ({RR} 19... Be7 20. Qf4 Bd6 21. Qe3) 20. Nc5 ({RR} 20. Rc2 a4 ({RR} 20... e5) 21. Nc5) ({RR} 20. a4 bxa4 ({RR} 20... b4 21. Nfd2) 21. Rxa4 Bb4 22. Qf4) 20... Be7 ({RR} 20... Bxc5 21. dxc5 Bc6 22. Nd4) ({RR} 20... Nxc5 21. dxc5 Be7 22. Qh5 Bxe4 ({RR} 22... g6 23. Qe5) 23. Ne5 g6 24. Qxh6 Bxg2 25. Kxg2 Bf6 26. Qf4 Bxe5 27. Qxe5 Rd8) 21. Qf4 e5 ({RR} 21... Nxc5 22. dxc5 e5 {RR} 23. Nxe5 Bf6) 22. Nxe5 Nxe5 23. dxe5 ({RR} 23. Qxe5 Bg5 24. Qf5 Qxf5 25. exf5 Bxc1 26. Bxb7 Re1+) 23... Bg5 24. Qf3 Bxc1 25. Rxc1 Rxe5 26. Qc3 f6 ({RR} 26... Re7 27. Nxb7 Qxb7 28. e5 Qa7 29. Bxa8 Qxa8) 27. Qb3+ Kh8 {1-0 Kramnik,V (2769)-Leko,P (2751) World-ch Tournament 2007 (12)} ({RR} 27... Kh7 28. Qf7 Bc6 29. Nd3 ({RR} 29. f4 Qe8) 29... Be8 ({RR} 29... Qe8 30. Nxe5) 30. Qf8 Rg5 31. h4 Rg4 32. Bf3)) ({RR} 13. Nc3 Bb7 14. Ne5 Bxg2 15. Kxg2 c5 16. Ne4 Nxe5 17. Bxf6 gxf6 18. dxe5 fxe5 19. Qh6 f5 20. Ng5 Qb7+ 21. Kg1 Bxg5 22. Qxg5+ Qg7 23. Qe3 e4 24. Rad1 Qe7 25. f3 exf3 26. Rxf3 c4 27. Rf4 e5 {½-½ Mikhalevski,V (2496)-Hollan,P (2236) 17th Teplice Open 2024 (2.18)}) 13... Bb7 14. Qc2 c5 15. Rfc1 $146 ({RR} 15. dxc5 Qxc5 16. Qxc5 Bxc5 17. Rac1 Rac8 18. Nb3 {½-½ Ibarra Jerez,J (2537)-Fernandez Garcia,J (2423) Granada Nazari GM 2nd 2015 (9)}) ({RR} 15. Rac1 cxd4 16. Nxd4 Bxg2 17. Kxg2 Qb7+ 18. Qc6 Qa7 19. N4b3 Ne5 20. Qc7 Qxc7 21. Rxc7 Bd6 22. Rc2 Nd5 23. Ne4 Be7 24. Bxe7 Nxe7 25. Na5 Nd5 26. a3 Rfc8 27. Rfc1 Rxc2 28. Rxc2 Kf8 29. Nd2 Ke8 {1-0 Evdokimov,A (2495)-Omidi,A (2268) Mersin op 2016 (6)}) 15... cxd4 16. Nxd4 Bxg2 17. Kxg2 Qb7+ 18. Qc6 Qa7 19. N2b3 Ne5 20. Qc7 Qxc7 21. Rxc7 Bd6 22. Rc2 Nd5 23. a4 b4 24. a5 h6 25. Bd2 Nc7 26. Bxb4 Bxb4 27. Rxc7 Bd6 28. Rc2 Rfb8 29. Rac1 1-0

[Event "Olympiad Women 2024"]
[Site "Budapest HUN"]
[Date "2024.09.11"]
[Round "1.16"]
[Board "2"]
[White "Torres Hernandez, Leslie Carolin"]
[Black "Ozturk Orenli, Kubra"]
[Result "0-1"]
[WhiteElo "1891"]
[BlackElo "2262"]
[PlyCount "106"]
[EventDate "2024.09.11"]
[WhiteTeam "Honduras"]
[BlackTeam "Turkiye"]
[WhiteTeamCountry "HON"]

1. e4 e5 2. Nf3 Nc6 3. Bb5 a6 4. Ba4 Nf6 5. O-O Be7 6. d3 b5 7. Bb3 d6 8. c3 O-O 9. h3 Bb7 10. Re1 Nb8 11. Nbd2 Nbd7 12. Nf1 Re8 13. Ng5 d5 14. exd5 Bxd5 15. Ne3 Bxb3 16. Qxb3 Rf8 17. Nf5 h6 ({RR} 17... Bd6 18. d4 h6 19. Nf3 exd4 20. cxd4 Nh7 21. Ne5 Qf6 22. Nxh6+ gxh6 23. Nxd7 Qg6 24. Nxf8 Rxf8 25. a4 b4 26. Bd2 a5 27. Re2 Nf6 28. Rae1 Kh7 29. Qf3 Rg8 30. g3 Rg7 31. Bf4 Qf5 32. Kh2 {1-0 Saric,I (2670)-Carlsen,M (2853) AimChess Play-In Match 2023 (1.2)}) 18. Ne4 $146 ({RR} 18. Nf3 Bd6 19. d4 exd4 20. cxd4 Qc8 21. N3h4 Qb7 22. Nxd6 cxd6 23. Nf5 Ne4 24. Bxh6 g6 25. Qf3 Rfe8 26. Ne3 d5 27. Rac1 Ndf6 28. Bf4 Rac8 29. Be5 Rxc1 30. Rxc1 Rxe5 31. dxe5 Nd7 32. Ng4 Kg7 {1-0 Steindl,J (2276)-Mandukhai,M (1999) ch-AUT 2023 Vienna AUT (1.19)}) 18... Nxe4 19. dxe4 Bf6 20. Be3 c5 21. Rad1 Qc7 22. Rd5 Rfd8 23. Red1 c4 24. Qc2 Nf8 25. Qe2 Ne6 26. Qg4 Kh7 27. Qh5 Nf4 28. Bxf4 exf4 29. Nd6 g6 30. Qg4 Bg7 31. Qxf4 Rd7 32. Qd2 Rad8 33. f4 f6 34. h4 h5 35. Qd4 Qc6 36. f5 Bf8 37. fxg6+ Kxg6 38. e5 fxe5 39. Qe4+ Kg7 40. Nf5+ Kg8 41. Ne3 Bc5 42. Kh1 Bxe3 43. Qxe3 Rxd5 44. Qg5+ Kh8 45. Qxh5+ Kg7 46. Qg5+ Qg6 47. Qe7+ Kh6 48. Rxd5 Rxd5 49. Qf8+ Qg7 50. Qf3 Rd6 51. g4 Qd7 52. Qe3+ Kh7 53. Qe4+ Kg8 0-1

[Event "Olympiad Women 2024"]
[Site "Budapest HUN"]
[Date "2024.09.11"]
[Round "1.16"]
[Board "3"]
[White "Aydin, Gulenay"]
[Black "Cruz, Bitia"]
[Result "1-0"]
[WhiteElo "2202"]
[BlackElo "1736"]
[PlyCount "65"]
[EventDate "2024.09.11"]
[WhiteTeam "Turkiye"]
[BlackTeam "Honduras"]
[BlackTeamCountry "HON"]

1. e4 c5 2. c3 d5 3. exd5 Nf6 4. Bb5+ Nbd7 5. Qb3 ({RR} 5. d4 a6 6. Be2 Nxd5 7. Nf3 e6 8. O-O Be7 9. c4 N5f6 10. Nc3 O-O 11. dxc5 Nxc5 12. Qc2 Qc7 13. b4 Ncd7 14. a3 b6 15. Bb2 Bb7 16. h3 Rac8 17. Rac1 Rfe8 18. Nd2 Qf4 19. Rfd1 Ne5 {0-1 Naroditsky,D (2619)-Martinez Alcantara,J (2607) Titled Tue 10th Sep Late 2024 (9)}) 5... a6 6. Be2 b5 7. d3 Bb7 $146 ({RR} 7... Rb8 8. Bf4 Rb6 9. Nd2 Bb7 10. Bf3 g5 11. Bxg5 Ne5 12. Bxf6 Nxd3+ 13. Kf1 Rxf6 14. c4 Ne5 15. Re1 Qa5 16. Qe3 Nd7 17. Ne4 Rh6 18. Nxc5 Nxc5 19. Qxc5 Qb6 20. Qxb6 Rxb6 21. c5 Rf6 22. Be4 {1-0 Ahmadzada,A (2481)-Koelle,T (2464) TCh-TUR Super League 2024 (1.30)}) ({RR} 7... Nb6 8. c4 e6 9. dxe6 Bxe6 10. Nf3 h6 11. O-O Bd6 12. Qc2 O-O 13. b3 Qc7 14. Nc3 Qd7 15. Rd1 Bf5 16. Ne4 Qe6 17. Nxd6 Qxd6 18. h3 Rfe8 19. Be3 Rac8 20. Qb2 Qe6 21. Bf1 Qc6 22. d4 {1-0 Velikanov,A (2387)-Shetty,A (2071) Illinois Open 2024 (7.1)}) 8. c4 g6 9. Nf3 Bg7 10. O-O O-O 11. Nc3 b4 12. Ne4 a5 13. Rb1 e6 14. dxe6 fxe6 15. Ng3 Ng4 16. Ng5 Nxf2 17. Be3 Qe7 18. Rxf2 Rxf2 19. Kxf2 Rf8+ 20. Kg1 Bh6 21. h4 Bg7 22. Bf3 Ne5 23. Bxb7 Qxb7 24. N3e4 Qe7 25. Bxc5 Qd7 26. Bxf8 Qd4+ 27. Kh1 Bxf8 28. Nxe6 Qe3 29. Nxf8 Kxf8 30. Rf1+ Kg7 31. Qd1 Nxd3 32. Rf3 Qxe4 33. Qxd3 1-0

[Event "Olympiad Women 2024"]
[Site "Budapest HUN"]
[Date "2024.09.11"]
[Round "1.16"]
[Board "4"]
[White "Oseguera, Suhey"]
[Black "Isgenderova, Hayale"]
[Result "0-1"]
[WhiteElo "1590"]
[BlackElo "2124"]
[PlyCount "66"]
[EventDate "2024.09.11"]
[WhiteTeam "Honduras"]
[BlackTeam "Turkiye"]
[WhiteTeamCountry "HON"]

1. Nf3 Nf6 2. c4 e6 3. Nc3 d5 4. d4 b6 5. Bg5 Be7 6. e3 O-O 7. Bd3 Bb7 8. O-O Ne4 9. Bxe7 Qxe7 10. Qc2 f5 11. cxd5 exd5 12. Rac1 Nd7 $146 ({RR} 12... c6 13. Qa4 b5 14. Qc2 Nd7 15. Ne2 a6 16. Nd2 Rac8 17. Nb3 Rfe8 18. Kh1 Qh4 19. g3 Qh3 20. Nf4 Qh6 21. Kg1 g5 22. Ng2 Qh3 23. f3 Nd6 24. Nc5 Nxc5 25. dxc5 Ne4 26. fxe4 dxe4 27. Be2 {1-0 Margvelashvili,G (2353)-Laxman,R (2404) Champions Challenge 122nd blitz 2005 (4.1)}) 13. Qb3 c6 14. Ne2 Kh8 15. Qc2 c5 16. Nc3 Rac8 17. Rfe1 g5 18. h3 Rg8 19. Nd2 g4 20. hxg4 Qh4 21. Ndxe4 dxe4 22. Bf1 Nf6 23. g3 Qxg4 24. Qe2 Qg7 25. Bh3 cxd4 26. Nb5 Ba6 27. exd4 Rxc1 28. Rxc1 Qh6 29. Rc6 Qxh3 30. Rxf6 e3 31. a4 exf2+ 32. Kxf2 Qxg3+ 33. Kf1 Qg1# 0-1

[Event "Olympiad Women 2024"]
[Site "Budapest HUN"]
[Date "2024.09.11"]
[Round "1.17"]
[Board "1"]
[White "Ravelomanana, Sabine"]
[Black "Roebers, Eline"]
[Result "0-1"]
[WhiteElo "1926"]
[BlackElo "2340"]
[PlyCount "66"]
[EventDate "2024.09.11"]
[WhiteTeam "Madagascar"]
[BlackTeam "Netherlands"]
[WhiteTeamCountry "MAD"]
[BlackTeamCountry "NED"]

1. d4 d6 2. Bf4 c5 3. e3 Qb6 ({RR} 3... Nc6 4. d5 Nb4 5. c3 Na6 6. a4 Nc7 7. e4 Nf6 8. f3 g6 9. c4 e5 10. Be3 h5 11. h4 Bh6 12. Bxh6 Rxh6 13. a5 Rh8 14. Nc3 Kf8 15. Bd3 Kg7 16. Nge2 Rb8 17. Qd2 Bd7 18. Nb5 {0-1 Kamsky,G (2659)-Horvath,D (2523) Titled Tue 27th Jun Late 2023 (4)}) 4. Na3 $146 ({RR} 4. Nc3 Nf6 5. dxc5 Qxc5 6. Nf3 Bg4 7. h3 Bh5 8. Be2 Nbd7 9. O-O e6 10. Qd2 Be7 11. Rfd1 e5 12. Bh2 O-O 13. Ng5 Bxe2 14. Qxe2 Qc6 15. Qd3 Nc5 16. Qb5 Rac8 17. Qxc6 Rxc6 18. f4 Ne8 {½-½ Le,K (2138)-Torre,E (2449) Ho Chi Minh City HD Bank op 5th 2015 (1)}) ({RR} 4. Nc3 cxd4 5. Qxd4 Qxd4 6. exd4 Nc6 7. O-O-O g6 8. d5 Ne5 9. Nb5 Kd8 10. Bxe5 dxe5 11. d6 exd6 12. Nxd6 Bxd6 13. Rxd6+ Ke7 14. Rd2 Nf6 15. Bc4 Be6 16. Bxe6 Kxe6 17. Nf3 Ne4 18. Re2 f5 {½-½ Bestard Borras,M (2113)-Konenkin,D (2267) Titled Tue 20th Aug Early 2024 (6)}) ({RR} 4. b3 g6 5. Nf3 Bg7 6. Be2 Nc6 7. c3 e5 8. dxe5 dxe5 9. Bg3 Bf5 10. Qc1 e4 11. Nfd2 Ne5 12. Bxe5 Bxe5 13. Nc4 Qc7 14. Nxe5 Qxe5 15. Bb5+ Kf8 16. Nd2 Nf6 17. Qc2 Kg7 18. Be2 Rhe8 {0-1 Saligo,L (2117)-Gooris,J (2136) Geraardsbergen op 27th 2011 (4)}) 4... Qxb2 5. Nb5 Qb4+ 6. Qd2 Na6 7. dxc5 Qxc5 8. Nf3 e5 9. Bg3 Nf6 10. Nc3 Nc7 11. Bd3 Bd7 12. O-O Bc6 13. e4 Be7 14. Nh4 g6 15. Kh1 Nh5 16. Rab1 O-O 17. Rb3 b5 18. Nd1 Nxg3+ 19. hxg3 d5 20. Qa5 dxe4 21. Rc3 Qd6 22. Bxe4 Bxe4 23. Qxc7 Qxc7 24. Rxc7 Bd6 25. Rd7 Rfd8 26. Rxd8+ Rxd8 27. Ne3 f5 28. f3 Bc6 29. Rd1 Be7 30. Kh2 Rxd1 31. Nxd1 Bd7 32. Nc3 g5 33. Nxb5 gxh4 0-1

[Event "Olympiad Women 2024"]
[Site "Budapest HUN"]
[Date "2024.09.11"]
[Round "1.17"]
[Board "2"]
[White "Peng, Zhaoqin"]
[Black "Raharimanana, Faratiana"]
[Result "1-0"]
[WhiteElo "2349"]
[BlackElo "1815"]
[PlyCount "93"]
[EventDate "2024.09.11"]
[WhiteTeam "Netherlands"]
[BlackTeam "Madagascar"]
[WhiteTeamCountry "NED"]
[BlackTeamCountry "MAD"]

1. d4 d5 2. c4 e6 3. Nf3 Nf6 4. Nc3 Bb4 5. e3 c6 6. Bd3 Nbd7 7. O-O O-O 8. a3 Bxc3 9. bxc3 b6 ({RR} 9... Re8 10. cxd5 exd5 11. c4 dxc4 12. Bxc4 Nb6 13. Bd3 Be6 14. Qc2 h6 15. Bb2 Nbd7 16. e4 Rc8 17. Nd2 b5 18. e5 Nd5 19. Ne4 Nf4 20. Nd6 Nxd3 21. Qxd3 Rf8 22. d5 Bxd5 23. Nxc8 Qxc8 24. Qd4 {½-½ Tulchynskyi,F (2325)-Iliaguev,D (2144) 4th elllobregat Open 2023 (4.81)}) 10. cxd5 cxd5 11. a4 Qc7 $146 ({RR} 11... a5) 12. Ba3 Re8 13. Rc1 e5 14. Be2 e4 15. Nd2 Bb7 16. c4 Qd8 17. Bd6 Rc8 18. Bg3 Qe7 19. Qb3 Ba6 20. Rc2 Rc6 21. Rfc1 Rec8 22. Bf1 dxc4 23. Bxc4 Bxc4 24. Rxc4 Rxc4 25. Rxc4 Rxc4 26. Qxc4 Nf8 27. h3 Qd7 28. Be5 Qd5 29. Bxf6 Qxc4 30. Nxc4 gxf6 31. Nd6 Nd7 32. Nxe4 Kf8 33. g4 Ke7 34. f3 Ke6 35. Nc3 a6 36. Kf2 Kd6 37. e4 Kc6 38. Ke3 b5 39. axb5+ axb5 40. Nd5 h6 41. h4 Kd6 42. Kd3 Kc6 43. Kc3 Kd6 44. Ne3 Nb8 45. Nf5+ Ke6 46. Nxh6 Na6 47. Nf5 1-0

[Event "Olympiad Women 2024"]
[Site "Budapest HUN"]
[Date "2024.09.11"]
[Round "1.17"]
[Board "3"]
[White "Randriatsiferana, Dimbiharentsoa Christiana"]
[Black "Van Foreest, Machteld"]
[Result "0-1"]
[WhiteElo "1736"]
[BlackElo "2224"]
[PlyCount "54"]
[EventDate "2024.09.11"]
[WhiteTeam "Madagascar"]
[BlackTeam "Netherlands"]
[WhiteTeamCountry "MAD"]
[BlackTeamCountry "NED"]

1. e4 e5 2. Nf3 Nc6 3. d4 exd4 4. Bc4 Nf6 5. e5 d5 6. Bb5 Ne4 7. Nxd4 Bd7 8. Bxc6 bxc6 9. O-O Bc5 10. Nc3 ({RR} 10. Qd3 Bb6 11. Nc3 Nxc3 12. Qxc3 c5 13. Nb3 Qe7 14. Qg3 O-O 15. Bg5 Qe6 16. Bf6 Qg4 17. Be7 Qxg3 18. hxg3 Rfe8 19. Bxc5 Rxe5 20. Rfe1 Rae8 21. Rxe5 Rxe5 22. Rd1 Ba4 23. Bd4 Bxd4 24. Rxd4 Bxb3 {½-½ Popov,I (2648)-Malakhov,V (2702) RUS-ch blitz 2015 (2)}) 10... Nxc3 11. bxc3 O-O 12. Qh5 ({RR} 12. Re1 Qe7 13. Nb3 Bb6 14. a4 Rfe8 15. a5 Bc5 16. Qh5 Qf8 17. Bg5 Be7 18. Bxe7 Qxe7 19. f4 g6 20. Qf3 Bf5 21. Qf2 Qd7 22. Rad1 a6 23. Rd2 Rab8 24. c4 Rxb3 25. cxb3 Rb8 26. Qc5 Rxb3 {1-0 Akin,D (1577)-Acar,I (1579) TUR-chT 2nd League 2022 (4.7)}) 12... Qe7 $146 ({RR} 12... g6 13. Qh6 f6 14. Bf4 fxe5 15. Bxe5 Rf7 16. Qd2 Bd6 17. Rae1 Qh4 18. f4 Qh5 19. Nf3 h6 20. c4 Bc5+ 21. Bd4 Bd6 22. Ne5 Bxe5 23. Rxe5 Bf5 24. Ba1 dxc4 25. Qd4 Kh7 26. Rfe1 c5 27. Qd5 {1-0 Matsuura,E (2370)-Asfora,M (2280) BRA-ch62 sf Florianopolis 1995 (9)}) ({RR} 12... Be7 13. Be3 a5 14. f4 g6 15. Qe2 Rb8 16. Rab1 c5 17. Nf3 f6 18. Qf2 Bb5 19. Rfd1 Bc4 20. Bxc5 Bxa2 21. Rxb8 Bxc5 22. Rxd8 Bxf2+ 23. Kxf2 Rxd8 24. Ra1 Bc4 25. Rxa5 fxe5 26. Nxe5 Rf8 27. Ke3 {1-0 Upolovnev,V (1890)-Dmitrieva,G (2233) Saratov Shestoperov Memorial 2014 (9)}) 13. Kh1 Rae8 14. f4 f6 15. Re1 fxe5 16. Nf3 e4 17. Ne5 Rf5 18. Qe2 Ref8 19. c4 Be8 20. cxd5 cxd5 21. g3 Bd4 22. Rb1 Bxe5 23. fxe5 Rf2 24. Qd1 Qe6 25. Be3 Qh3 26. Qxd5+ Kh8 27. Bxf2 Rxf2 0-1

[Event "Olympiad Women 2024"]
[Site "Budapest HUN"]
[Date "2024.09.11"]
[Round "1.17"]
[Board "4"]
[White "Bensdorp-De Labaca, Marlies"]
[Black "Tsinjoviniavo, Aina Mahasambatra"]
[Result "1-0"]
[WhiteElo "2241"]
[BlackElo "1662"]
[PlyCount "91"]
[EventDate "2024.09.11"]
[WhiteTeam "Netherlands"]
[BlackTeam "Madagascar"]
[WhiteTeamCountry "NED"]
[BlackTeamCountry "MAD"]

1. d4 d5 2. c4 e6 3. Nc3 Nf6 4. cxd5 exd5 5. Bg5 c6 6. Qc2 Be7 7. e3 h6 8. Bh4 O-O 9. Bd3 Re8 10. Nge2 a5 11. O-O Nbd7 ({RR} 11... Na6 12. a3 Nc7 13. f3 Ne6 14. a4 b6 15. Rad1 Bb7 16. Kh1 c5 17. Bb5 Rf8 18. dxc5 bxc5 19. Bc4 Nc7 20. Ba2 Re8 21. e4 Ra6 22. Bxf6 Bxf6 23. Nxd5 Bxd5 24. Bxd5 Nxd5 25. Rxd5 Rd6 26. Rfd1 {1-0 Carlsen,M (2864)-Anton Guijarro,D (2691) Chessable Masters KO rapid 2022 (1.11)}) 12. f3 Nf8 ({RR} 12... b5 13. a3 Ba6 14. Nb1 Nb6 15. Bf2 Rc8 16. Bf5 Rc7 17. Rd1 c5 18. Nbc3 c4 19. Nf4 Bd6 20. g3 Rce7 21. e4 dxe4 22. Nxe4 Bxf4 23. Nxf6+ gxf6 24. gxf4 Re2 25. Bh7+ Kh8 26. Qf5 Bc8 27. Qb1 {0-1 Rietze,C (2367)-Lenaerts,L (2339) Titled Tue 30th Apr Early 2024 (11)}) 13. Rad1 Ne6 $146 ({RR} 13... b6 14. e4 dxe4 15. fxe4 Ba6 16. Bxa6 Rxa6 17. Qd3 Ra7 18. Qf3 Ng6 19. Bxf6 Bxf6 20. e5 Bg5 21. Qxc6 Rd7 22. Qc4 Be3+ 23. Kh1 Qh4 24. Qb3 Qg4 25. Rf3 Bf4 26. h3 Qh4 27. Rdf1 Bxe5 28. Rxf7 {1-0 Giannoulakis,L (2325)-Giordos,V (2009) GRE-chT Online Rapid op 1st 2021 (7.3)}) 14. Kh1 b5 15. Bf2 Qc7 16. Bg1 b4 17. Na4 c5 18. dxc5 Nxc5 19. Rc1 Ba6 20. Nxc5 Bxc5 21. Bxa6 Qb6 22. Qxc5 Qxa6 23. Nd4 Rab8 24. Qc6 Rb6 25. Qa4 Re5 26. Rfd1 g5 27. Rc6 g4 28. Rxb6 Qxb6 29. Rc1 Kg7 30. Qc6 Qa7 31. e4 Qb8 32. Nf5+ Kg6 33. fxg4 Rxe4 34. h3 Qf4 35. Qc7 Qd2 36. Qc2 Qf4 37. Bh2 Qg5 38. Nd6 h5 39. gxh5+ Kxh5 40. Nxe4 Nxe4 41. Rf1 Qg6 42. Qd1+ Kh6 43. Qxd5 a4 44. Rxf7 Ng5 45. Bf4 Kh5 46. Rh7+ 1-0

[Event "Olympiad Women 2024"]
[Site "Budapest HUN"]
[Date "2024.09.11"]
[Round "1.18"]
[Board "1"]
[White "Munguntuul, Batkhuyag"]
[Black "Jop A., Laura Elizabeth"]
[Result "1-0"]
[WhiteElo "2346"]
[BlackElo "1686"]
[PlyCount "53"]
[EventDate "2024.09.11"]
[WhiteTeam "Mongolia"]
[BlackTeam "Guatemala"]
[WhiteTeamCountry "MGL"]
[BlackTeamCountry "GUA"]

1. e4 c5 2. Nf3 g6 3. d4 cxd4 4. Nxd4 Bg7 5. c4 Nc6 6. Be3 d6 7. Nc3 Nh6 8. Be2 f5 9. Bxh6 Bxd4 ({RR} 9... Bxh6 10. exf5 gxf5 11. Bh5+ Kf8 12. O-O Bg7 13. Nde2 e5 14. Nb5 Be6 15. Nxd6 Qh4 16. Nxb7 Qxh5 17. Qd6+ Ne7 18. Qxe6 Qxe2 19. Rad1 Qh5 20. Rd7 Qf7 21. Nd8 Qxe6 22. Nxe6+ Ke8 23. Rfd1 Bf6 24. Nc7+ {½-½ Gordievsky,D (2517)-Narayanan,S (2656) Titled Tue 11th Jul Early 2023 (8)}) 10. exf5 $146 ({RR} 10. h4 Qb6 11. O-O Qxb2 12. Na4 Qxa1 13. Qb3 Na5 14. Qc2 Bxf2+ 15. Kxf2 Qd4+ 16. Be3 Qxe4 17. Qc3 Qxh4+ {½-½ Markova,K-Grau Carreras,M EU-ch U14 Girls 1997 (5)}) ({RR} 10. O-O e5 11. exf5 Bxf5 12. Nb5 g5 13. Qd2 Rg8 14. Bh5+ Kd7 15. Bf7 Qf6 16. Bxg8 Rxg8 17. Nxd4 Nxd4 18. Qa5 Nc6 19. Qb5 Kc7 20. Rfd1 Qxh6 21. c5 Rd8 22. Rac1 d5 23. b4 Kc8 24. a3 Nd4 {1-0 Uta,A (2031)-Visanescu,D ROM-ch (Women) 2007 (2)}) 10... Bxf5 11. O-O a6 12. Bf3 Be5 13. Qd2 Qd7 14. Nd5 Qd8 15. Rae1 Nd4 16. Bd1 Be6 17. f4 Bxd5 18. fxe5 dxe5 19. cxd5 Qxd5 20. Bb3 Qc5 21. Bf7+ Kd7 22. Bg7 Kc6 23. Kh1 Kb5 24. Rxe5 Qxe5 25. Bxe5 Rhd8 26. Bxd4 e5 27. Qd3+ 1-0

[Event "Olympiad Women 2024"]
[Site "Budapest HUN"]
[Date "2024.09.11"]
[Round "1.70"]
[White "Lopez L., Dairyn D."]
[Black "Nomin-Erdene, Davaademberel"]
[Result "0-1"]
[WhiteElo "1740"]
[BlackElo "2319"]
[PlyCount "60"]
[EventDate "2024.09.11"]
[WhiteTeam "Guatemala"]
[BlackTeam "Mongolia"]
[WhiteTeamCountry "GUA"]
[BlackTeamCountry "MGL"]

1. Nf3 f5 2. b3 Nf6 3. Bb2 e6 4. e3 b6 5. d4 Bb7 6. Nbd2 Be7 7. Bd3 O-O 8. Qe2 Ne4 9. Rg1 $146 ({RR} 9. a3 d5 10. Ne5 Nxd2 11. Qxd2 Nd7 12. Nxd7 Qxd7 13. O-O-O a5 14. a4 Ba6 15. f4 c6 16. Rdg1 Bb4 17. c3 Bxd3 18. Qxd3 Bd6 19. Kc2 b5 20. Ra1 Rfb8 21. Rhb1 Rb6 22. Bc1 Rab8 23. axb5 Rxb5 {0-1 Martin Sommerfeldt,L (2026)-Franke,L (2071) Harburg-chA 12th 2017 (2)}) 9... d5 10. Ne5 Nd7 11. Bxe4 fxe4 12. Nxd7 Qxd7 13. O-O-O a5 14. f4 a4 15. g4 Qc6 16. f5 axb3 17. axb3 Ba6 18. Qg2 Bd3 19. Nb1 Ra2 20. Rd2 Rfa8 21. fxe6 Ba6 22. Rf2 Qxe6 23. Rf5 Qc6 24. Qf2 Bd3 25. g5 b5 26. Rf7 Bb4 27. Rf4 Ra1 28. h4 Bc3 29. Bxa1 Bxa1 30. Qd2 Ra2 0-1

[Event "Olympiad Women 2024"]
[Site "Budapest HUN"]
[Date "2024.09.11"]
[Round "1.18"]
[Board "3"]
[White "Khuslen, Erdenebayar"]
[Black "Raymundo, Deycy Daniela"]
[Result "1-0"]
[WhiteElo "2229"]
[BlackElo "1728"]
[PlyCount "101"]
[EventDate "2024.09.11"]
[WhiteTeam "Mongolia"]
[BlackTeam "Guatemala"]
[WhiteTeamCountry "MGL"]
[BlackTeamCountry "GUA"]

1. d4 d5 2. c4 e6 3. Nc3 Nf6 4. cxd5 exd5 5. Bg5 Be7 6. e3 h6 7. Bh4 O-O 8. Bd3 Be6 9. Qc2 Nbd7 10. Nf3 Rc8 ({RR} 10... c5 11. dxc5 Nxc5 12. Nd4 Nxd3+ 13. Qxd3 a6 14. O-O Qd7 15. Rfd1 Rfd8 16. Nce2 Ne4 17. Bxe7 Qxe7 18. Nc3 Nc5 19. Qe2 Qg5 20. Rd2 Bg4 21. Qf1 Rd6 22. f4 Qe7 23. Qf2 Re8 24. Re1 Ne4 25. Nxe4 {1-0 Melikhov,E (2179)-Marino Bravo,M (2127) Titled Tue 14th May Late 2024 (4)}) 11. O-O c5 12. h3 $146 ({RR} 12. Rac1 c4 13. Be2 a6 14. a4 Nh7 15. Bg3 Ng5 16. Nxg5 Bxg5 17. f4 Bh4 18. Bxh4 Qxh4 19. f5 Qg5 20. Rf3 Nf6 21. fxe6 fxe6 22. Rg3 Qh4 23. Qg6 Rf7 24. Rh3 Qg5 25. Qxg5 hxg5 26. Rg3 Nh7 {1-0 Pinterova,K (2061)-Kutny,M (1709) Piestany op 2009 (7)}) ({RR} 12. dxc5 Bxc5 13. Qd2 Bb4 14. Rac1 Qa5 15. a3 Bxc3 16. Rxc3 Rxc3 17. Qxc3 Qxc3 18. bxc3 Rc8 19. Rc1 Ne4 20. Bxe4 dxe4 21. Nd2 f5 22. Bg3 Nc5 23. Kf1 Nd3 24. Rc2 Bd7 25. c4 Be6 26. Bd6 b6 {1-0 Seifert,V-Czaeczine,A GER-ch U13 Friedrichroda 1997 (1)}) 12... Nh5 13. Bxe7 Qxe7 14. Qe2 c4 15. Bc2 Nhf6 16. Ne5 Nxe5 17. dxe5 Nd7 18. f4 f5 19. Rfd1 Qc5 20. Qf3 Nb6 21. Ne2 Rce8 22. Nd4 a6 23. Qh5 Nc8 24. Qg6 Qb6 25. g4 Bf7 26. Qxb6 Nxb6 27. Nxf5 Rd8 28. Nd6 Rb8 29. f5 Rfd8 30. e4 dxe4 31. Bxe4 Be8 32. Nxb7 Rxd1+ 33. Rxd1 Bb5 34. e6 Kf8 35. Kf2 Na4 36. Rd2 c3 37. bxc3 Nxc3 38. Bf3 Na4 39. h4 Nb6 40. g5 hxg5 41. hxg5 Nc4 42. Rc2 Ne5 43. Be4 Nd3+ 44. Ke3 Ne5 45. Rc7 Nc4+ 46. Kf4 Nd2 47. e7+ Kg8 48. Bd5+ Kh8 49. f6 gxf6 50. gxf6 Be8 51. f7 1-0

[Event "Olympiad Women 2024"]
[Site "Budapest HUN"]
[Date "2024.09.11"]
[Round "1.18"]
[Board "4"]
[White "Santiago Sontay, Jenny Fernanda"]
[Black "Mungunzul, Bat-Erdene"]
[Result "0-1"]
[WhiteElo "1773"]
[BlackElo "2224"]
[PlyCount "70"]
[EventDate "2024.09.11"]
[WhiteTeam "Guatemala"]
[BlackTeam "Mongolia"]
[WhiteTeamCountry "GUA"]
[BlackTeamCountry "MGL"]

1. d4 d5 2. e3 Nf6 3. Bd3 c5 4. c3 e6 5. f4 Bd6 6. Nf3 O-O 7. Nbd2 ({RR} 7. O-O Bd7 8. Ne5 Be8 9. Nd2 g6 10. Qf3 Nfd7 11. Qh3 f5 12. g4 Nf6 13. gxf5 exf5 14. Ndf3 Qe7 15. Bd2 Ne4 16. Be1 Qg7 17. Kh1 Nd7 18. Rg1 Ndf6 19. Bh4 Be7 20. Rg2 Ng4 21. Bxe4 dxe4 {0-1 Harriott,T (1806)-Breuil,T (2305) Titled Tue 27th Feb Early 2024 (10)}) 7... b6 ({RR} 7... cxd4 8. cxd4 Nc6 9. O-O Bd7 10. Ne5 Rc8 11. a3 Ne7 12. Ndf3 Ne4 13. Nxd7 Qxd7 14. Bd2 f6 15. Qe2 Nxd2 16. Nxd2 Qc7 17. Qd1 Qb6 18. Qb3 Qa5 19. Nf3 Rc7 20. Rfc1 Rfc8 21. Rxc7 Qxc7 22. Kf2 {0-1 Jussupow,A (2665)-Comp Rebel Ischia Ischia blitz m 1997 (1)}) 8. Qe2 Bb7 9. O-O Qe7 $146 ({RR} 9... Qc8 10. Ne5 Ba6 11. Ndf3 Bxd3 12. Nxd3 Nbd7 13. Bd2 Ne4 14. Be1 Qc7 15. Kh1 cxd4 16. exd4 Rac8 17. Ng5 Ndf6 18. Ne5 h6 19. Ngf3 Nd7 20. g4 Nxe5 21. dxe5 Be7 22. f5 f6 23. exf6 Bxf6 24. fxe6 {½-½ Chatterjee,D (2248)-Mohammad,J (2207) BAN-ch 35th Dhaka 2009 (7)}) 10. Ng5 Nbd7 11. Ndf3 h6 12. Nh3 Ne4 13. Ne5 Rfd8 14. Bd2 f6 15. Nxd7 Rxd7 16. Be1 Rf8 17. Nf2 f5 18. Bb5 Rc7 19. Nd3 Bc6 20. Bxc6 Rxc6 21. Ne5 Bxe5 22. fxe5 g5 23. Rc1 Rc7 24. Qh5 Qg7 25. Qe2 Qg6 26. c4 cxd4 27. exd4 Rfc8 28. b3 Qe8 29. Bb4 dxc4 30. bxc4 Qa4 31. a3 a5 32. Bd6 Rxc4 33. Rxc4 Qxc4 34. Qh5 Qxd4+ 35. Kh1 Nf2+ 0-1